Europa League 2024/25 Endtabelle Ligaphase - Statistiken

Allgemein
  • Dieses Quiz wurde 47 mal gespielt
  • Das Durchschnittsergebnis liegt bei 25 aus 36
Antwortstatistiken
# Punkte Nation Verein % Korrekt
1 19 Italien Lazio Rom
96%
3 18 England Manchester United
96%
12 13 Niederlande Ajax Amsterdam
93%
5 16 Deutschland Eintracht Frankfurt
93%
4 17 England Tottenham
93%
18 11 Portugal FC Porto
87%
14 13 Türkei Galatasaray
87%
8 14 Schottland Glasgow Rangers
87%
15 12 Italien AS Rom
85%
2 19 Spanien Athletic Bilbao
85%
30 5 Tschechien Slavia Prag
85%
6 15 Frankreich Olympique Lyon
83%
25 10 Portugal Sporting Braga
80%
24 10 Türkei Fenerbahce
78%
17 12 Ungarn Ferencvaros Budapest
78%
7 15 Griechenland Olympiakos Piräus
78%
28 9 Türkei Besiktas Istanbul
76%
11 14 Rumänien FCSB Bukarest
76%
9 14 Norwegen FK Bodö/Glimt
76%
34 4 Ukraine Dynamo Kiew
74%
29 6 Israel Maccabi Tel Aviv
70%
27 9 Deutschland TSG Hoffenheim
70%
10 14 Belgien RSC Anderlecht
67%
31 5 Schweden Malmö FF
65%
16 12 Tschechien Viktoria Pilsen
65%
19 11 Niederlande AZ Alkmaar
61%
32 5 Lettland Rigas Futbola Skola
61%
36 3 Aserbaidschan Qarabag Agdam
57%
22 10 Griechenland PAOK Saloniki
54%
35 3 Frankreich OGC Nizza
50%
13 13 Spanien Real Sociedad
50%
21 11 Belgien Union Saint-Gilloise
48%
20 11 Dänemark FC Midtjylland
41%
23 10 Niederlande Twente Enschede
41%
26 10 Schweden IF Elfsborg
26%
33 4 Bulgarien Ludogorez Rasgrad
24%
Keine übereinstimmenden Quizze gefunden
Verteilung der Resultate
Anzahl Personen mit jedem Resultat
Perzentil nach korrekt beantworteten Fragen
Ihre Resultats-Entwicklung
Sie haben dieses Quiz noch nicht gespielt